Connective tissue diseases : (Record no. 8125)

MARC details
000 -LEADER
fixed length control field 01290cam a22003854a 4500
001 - CONTROL NUMBER
control field 17481706
003 - CONTROL NUMBER IDENTIFIER
control field OSt
005 - DATE AND TIME OF LATEST TRANSACTION
control field 20230331155001.0
008 - FIXED-LENGTH DATA ELEMENTS--GENERAL INFORMATION
fixed length control field 121002s2011 enka b 001 0 eng c
010 ## - LIBRARY OF CONGRESS CONTROL NUMBER
LC control number 2012471655
016 7# - NATIONAL BIBLIOGRAPHIC AGENCY CONTROL NUMBER
Record control number 101574330
Source DNLM
016 7# - NATIONAL BIBLIOGRAPHIC AGENCY CONTROL NUMBER
Record control number 015863103
Source Uk
020 ## - INTERNATIONAL STANDARD BOOK NUMBER
International Standard Book Number 9781846920745 (hbk.)
020 ## - INTERNATIONAL STANDARD BOOK NUMBER
International Standard Book Number 1846920744 (hbk.)
020 ## - INTERNATIONAL STANDARD BOOK NUMBER
International Standard Book Number 0632015330
035 ## - SYSTEM CONTROL NUMBER
System control number (OCoLC)ocn772582415
040 ## - CATALOGING SOURCE
Original cataloging agency NLM
Language of cataloging eng
Transcribing agency NLM
Modifying agency PAU
-- YDXCP
-- UKMGB
-- OCLCO
-- OCLCQ
-- OCLCO
-- DLC
042 ## - AUTHENTICATION CODE
Authentication code pcc
050 00 - LIBRARY OF CONGRESS CALL NUMBER
Classification number RC924
Item number .C5542 2011
060 00 - NATIONAL LIBRARY OF MEDICINE CALL NUMBER
Classification number 2011 L-570
060 10 - NATIONAL LIBRARY OF MEDICINE CALL NUMBER
Classification number WD 300
082 ## - DEWEY DECIMAL CLASSIFICATION NUMBER
Classification number WD 375H874c 1987.
245 00 - TITLE STATEMENT
Title Connective tissue diseases :
Statement of responsibility, etc. Hughes,Graham R.
260 ## - PUBLICATION, DISTRIBUTION, ETC. (IMPRINT)
Place of publication, distribution, etc. Oxford :
Name of publisher, distributor, etc. Clinical Pub.,
Date of publication, distribution, etc. 1987.
300 ## - PHYSICAL DESCRIPTION
Extent x, 122 p. :
Other physical details ill. (chiefly col.) ;
Dimensions 30 cm.
504 ## - BIBLIOGRAPHY, ETC. NOTE
Bibliography, etc Includes bibliographical references and index.
650 #0 - SUBJECT ADDED ENTRY--TOPICAL TERM
Topical term or geographic name as entry element Connective tissues
General subdivision Diseases
Form subdivision Atlases.
9 (RLIN) 16589
650 12 - SUBJECT ADDED ENTRY--TOPICAL TERM
Topical term or geographic name as entry element Connective Tissue Diseases
Form subdivision Atlases.
9 (RLIN) 16590
650 22 - SUBJECT ADDED ENTRY--TOPICAL TERM
Topical term or geographic name as entry element Autoimmune Diseases
Form subdivision Atlases.
9 (RLIN) 16591
700 1# - ADDED ENTRY--PERSONAL NAME
Personal name Gordon, Caroline,
Dates associated with a name 1956-
9 (RLIN) 16592
700 1# - ADDED ENTRY--PERSONAL NAME
Personal name Gross, Wolfgang L.
9 (RLIN) 16593
906 ## - LOCAL DATA ELEMENT F, LDF (RLIN)
a 7
b cbc
c pccadap
d 2
e ncip
f 20
g y-gencatlg
942 ## - ADDED ENTRY ELEMENTS (KOHA)
Source of classification or shelving scheme Other/Generic Classification Scheme
Koha item type Open Shelf
Holdings
Withdrawn status Lost status Source of classification or shelving scheme Damaged status Not for loan Home library Current library Date acquired Inventory number Total Checkouts Full call number Barcode Date last seen Price effective from Koha item type
    Dewey Decimal Classification     MUST Main Library MUST Main Library 31/03/2023 95/7683   WD 375H874c 1987. 2023-0433 31/03/2023 31/03/2023 Open Shelf